SABAH UYKUM (Record no. 1211188)
[ view plain ]
| 000 -LEADER | |
|---|---|
| sabit uzunluktaki kontrol alanı | 00236nam a2200097Ia 4500 |
| 001 - KONTROL NUMARASI | |
| kontrol alanı | 1211188 |
| 005 - EN SON İŞLEMİN TARİH VE ZAMANI | |
| kontrol alanı | 20250827024432.0 |
| 008 - SABİT-UZUNLUKTA VERİ ÖĞELERİ--GENEL BİLGİ | |
| sabit uzunluktaki kontrol alanı | 250824s9999 xx 000 0 und d |
| 245 #0 - ESER / YAZAR | |
| ESER ADI | SABAH UYKUM |
| Yazar Adı | AHMET BATMAN |
| 260 ## - YAYIN, DAĞITIM, VB. | |
| YAYIN EVİ | DESTEK YAYINLARI |
| Düşüm durumu | Kayıp durumu | Hasar Durumu | Ödünç verilmez | Ana kütüphane | Geçerli Kütüphane | Edinilen tarih | Toplam ödünç verme sayısı | Barkod | Son görüntüleme tarihi | Son ödünç verme tarihi | Fiyatın geçerli olmaya başladığı tarih | Koha materyal türü |
|---|---|---|---|---|---|---|---|---|---|---|---|---|
| TOPLUM RUH SAĞLIĞI MERKEZİ KÜTÜPHANESİ | TOPLUM RUH SAĞLIĞI MERKEZİ KÜTÜPHANESİ | 24.08.2025 | 1 | 110318297 | 16.04.2026 | 10.03.2026 | 27.08.2025 | Books |